Teória a prax štatistického modelovania ekonomiky

Guardado en:
Detalles Bibliográficos
Formato: Libro
Lenguaje:eslovaco
Publicado: Bratislava Alfa 1988
Edición:1. vyd.
Etiquetas: Agregar Etiqueta
Sin Etiquetas, Sea el primero en etiquetar este registro!

MARC

LEADER 00000nam a2200000 4500
001 c024606
005 20250728081314.1
041 0 |a slo 
044 |a SK 
245 1 0 |a Teória a prax štatistického modelovania ekonomiky  |c A. Klas a kol., J. Četyrkin 
250 |a 1. vyd. 
264 1 |a Bratislava  |b Alfa  |c 1988 
300 |a 307 s.